000 00841nam a2200229 a 4500
999 _c11069
_d11069
001 11069
003 BD-JhCC
005 20190728095019.0
008 190628b 2011bg |||| ||a| 001 0 ben d
020 _a9840749609
035 _a(BD-JhCC)11069
040 _aBD-JhCC
_dBD-JhCC
041 _aben
082 _a891.4409
_bHOQ 2011
100 _aহক, ড.ফেরদৌসী
245 _aবঙ্কিমচন্দ্র ও রবীন্দ্রনাথের উপন্যাসে নারী জীবন রূপায়ণের তুলনা /
_cড.ফেরদৌসী হক ।
260 _aঢাকা:
_bবাংলা একাডেমী ঢাকা;
_c২০১১.
300 _a৩৭৬ পৃঃ . :
_c22 সেমি.
650 _aBengali Literture
942 _2ddc
_cBK